| 000 | 00956nam a22002657a 4500 | ||
|---|---|---|---|
| 999 |
_c20079 _d20079 |
||
| 005 | 20200104041802.0 | ||
| 008 | 180110b2015 ck ||||| |||| 00| 0 spa d | ||
| 040 |
_aCO-BoIAVH _cCO-BoIAVH |
||
| 041 | _aspa | ||
| 044 | _ack | ||
| 082 |
_a578.753 _bA31c |
||
| 110 | 1 | _aEmpresa de Acueducto y Alcantarillado de Bogotá | |
| 245 | 2 |
_aReconversión productiva y usos sostenibles: _bConservación de la vida en la alta montaña |
|
| 260 |
_aBogotá: _bEmpresa de Acueducto y Alcantarillado de Bogotá, _c2015. |
||
| 300 |
_a72. páginas _c22 x 21cm |
||
| 490 | _aProyecto Páramos, Proyecto Páramos, Empresa de Acueducto y Alcantarillado de Bogotá | ||
| 650 | 1 | 4 | _aAgroecología |
| 650 | 1 | 4 |
_aRecursos naturales _xConservación |
| 650 | 1 | 4 | _aAgricultura |
| 650 | 1 | 4 | _aAlimentación |
| 650 | 1 | 4 | _aRecursos naturales |
| 650 | 1 | 4 | _aBosque |
| 650 | 1 | 4 | _aRecurso hidríco |
| 942 |
_2ddc _cLIBRO |
||